|
|
|
|
| LEADER |
02567nam a2200637 a 4500 |
| 001 |
000005470 |
| 003 |
CZ BrMZK |
| 005 |
20250217131414.0 |
| 007 |
ta |
| 008 |
940419s1994 xr a e f 000 cze d |
| 015 |
|
|
|a cnb000085386
|
| 020 |
|
|
|a 80-85805-17-0
|c 149.00
|
| 040 |
|
|
|a BOA001
|b cze
|
| 072 |
|
7 |
|a 27-5
|x Liturgie. Křesťanské umění a symbolika. Duchovní život
|2 Konspekt
|9 5
|
| 080 |
|
|
|a 27-36:003.623
|2 MRF
|
| 080 |
|
|
|a 27-526.6
|2 MRF
|
| 080 |
|
|
|a 27-36
|2 MRF
|
| 080 |
|
|
|a 27-36-055.2
|2 MRF
|
| 080 |
|
|
|a 26-234
|2 MRF
|
| 080 |
|
|
|a 27-236.5
|2 MRF
|
| 080 |
|
|
|a 7.032/038:27
|2 MRF
|
| 080 |
|
|
|a 7.04
|2 MRF
|
| 080 |
|
|
|a (048.8)
|2 MRF
|
| 100 |
1 |
|
|a Florentová, Helena
|7 mzk2005266281
|
| 245 |
1 |
0 |
|a Křesťanské nebe :
|b poznáváme světce v umění a legendách /
|c Helena Florentová ; ilustr. Vladimír Kopecký
|
| 250 |
|
|
|a 1. vyd.
|
| 260 |
|
|
|a Praha :
|b Artia :
|b Granit,
|c 1994
|
| 300 |
|
|
|a 120 s. :
|b barev. il.
|
| 500 |
|
|
|a Dostupné též v digitální podobě v aplikaci Kramerius
|
| 650 |
0 |
7 |
|a atributy světců
|7 ph139376
|2 czenas
|
| 650 |
0 |
7 |
|a křesťanská symbolika
|7 ph135701
|2 czenas
|
| 650 |
0 |
7 |
|a křesťanští světci
|7 ph115082
|2 czenas
|
| 650 |
0 |
7 |
|a křesťanské světice
|7 ph122127
|2 czenas
|
| 650 |
0 |
7 |
|a křesťanští blahoslavení
|7 ph122141
|2 czenas
|
| 650 |
0 |
7 |
|a křesťanské blahoslavené
|7 ph205766
|2 czenas
|
| 650 |
0 |
7 |
|a biblické postavy
|7 ph118857
|2 czenas
|
| 650 |
0 |
7 |
|a křesťanské umění
|7 ph122128
|2 czenas
|
| 650 |
0 |
7 |
|a umělecké náměty
|7 ph138227
|2 czenas
|
| 650 |
0 |
9 |
|a attributes of saints
|2 eczenas
|
| 650 |
0 |
9 |
|a Christian symbolism
|2 eczenas
|
| 650 |
0 |
9 |
|a Christian saints
|2 eczenas
|
| 650 |
0 |
9 |
|a Christian women saints
|2 eczenas
|
| 650 |
0 |
9 |
|a Christian blessed
|2 eczenas
|
| 650 |
0 |
9 |
|a Christian women blessed
|2 eczenas
|
| 650 |
0 |
9 |
|a Bible persons
|2 eczenas
|
| 650 |
0 |
9 |
|a Christian art
|2 eczenas
|
| 650 |
0 |
9 |
|a artistic themes
|2 eczenas
|
| 655 |
|
7 |
|a přehledy
|7 fd133202
|2 czenas
|
| 655 |
|
9 |
|a surveys
|2 eczenas
|
| 700 |
1 |
|
|a Kopecký, Vladimír,
|d 1928-2016
|7 jn20010602802
|
| 856 |
4 |
1 |
|u http://www.digitalniknihovna.cz/mzk/uuid/uuid:6a551680-655b-11e7-aab4-005056827e52
|y Digitalizovaný dokument
|x NDK
|
| 910 |
|
|
|a BOA001
|b 4-0998.071
|
| 990 |
|
|
|a BK
|
| 996 |
6 |
|
|b 2610007672
|c 4-0998.071
|l MZK
|r Sklad / do 1 hodiny
|n 38
|p kup
|w 000005470
|u 000010
|a 1
|e BOA001
|j MZK50
|s P
|
| 996 |
6 |
|
|b 2610007673
|c 4-0998.071
|l MZK
|r Sklad / do 1 hodiny
|n 19
|p kup
|w 000005470
|u 000020
|a 1
|e BOA001
|j MZK50
|s P
|
| 996 |
6 |
|
|b 2610008301
|c 4-0998.071
|l MZK
|r Sklad / do 1 hodiny
|n 20
|p p.v.
|w 000005470
|u 000030
|a 1
|e BOA001
|j MZK50
|s P
|